| 000 | 00802nab a2200241u 4500 | ||
|---|---|---|---|
| 001 | 15750 | ||
| 003 | HDC | ||
| 007 | c| |||a|c|aaaa | ||
| 008 | 210218b20140407my ||||| |||| 00| 0 may d | ||
| 040 | _aHDC | ||
| 100 |
_aZuraidah Mohamed / _eauthor _98809 |
||
| 245 | 0 |
_aWHC 2014 selesai isu industri halal / _cZuraidah Mohamed |
|
| 336 |
_atext _2rdacontent |
||
| 337 |
_acomputer _2rdamedia |
||
| 338 |
_aonline resource _2rdacarrier |
||
| 650 |
_aHalal Development Corp (HDC) _915403 |
||
| 650 |
_aWorld Halal Council (WHC) _915821 |
||
| 710 | _aBERITA HARIAN | ||
| 856 | _zRequest full-text at [email protected] | ||
| 942 | _2lcc | ||
| 942 | _cNEWS | ||
| 942 | _kNWSC 003747 | ||
| 999 |
_c13066 _d13066 |
||